| 000 | 00730cam a2200193Ka 4500 | ||
|---|---|---|---|
| 082 |
_a943.082 _bTie |
||
| 100 | 1 |
_aTiedemann, Benno von. _950353 |
|
| 245 | 1 | 4 |
_aThe siege operations in the campaign against France, 1870-71 _ctranslated by Major Tyler. |
| 260 |
_aLondon : _bH.M.S.O., _c1877. |
||
| 300 |
_a1 online resource (vi, 196 p.) : _bmaps |
||
| 526 |
_a0 _b0 _c0 _d943_082000000000000_TIE |
||
| 650 | 0 |
_aFranco-Prussian War, 1870-1871. _949384 |
|
| 650 | 0 |
_aSieges. Belfort, 1870-1871. _950354 |
|
| 650 | 0 |
_aSieges. Metz, 1870. _950355 |
|
| 650 | 0 |
_aSieges. Paris, 1870-1871. _950356 |
|
| 650 | 0 |
_aSieges. Strassburg, 1870. _950357 |
|
| 856 | 4 | 0 | _uhttp://catalog.hathitrust.org/api/volumes/oclc/7858067.html |
| 942 |
_2ddc _cBK |
||
| 999 |
_c553077 _d553077 |
||